000 01186cam a2200253 4500
001 ABS65671
008 020805n2002 000 0 eng u
035 _a(Sirsi) u119180
100 _aBarsby, A
245 _aParking easements
260 _c2002
490 _aSolicitors' Journal
_v146(22) 14 June 2002, 542-543 (2)
520 _aConsiders the current state of the law on the right to park as an easement. Parking has become a valuable and contentious right. It can be seen as a particular form of storage of goods on land. As it is not a homogeneous activity the law varies according to what is actually involved. Analyses separately parking in a parking space and parking in a larger area. Gives background on easements of storage and an example bringing in "Batchelor v Marlow" which states that parking that monopolises an area of land is too great an interference to subsist as an easement.
590 _aABS
650 _aPARKING
650 _aPARKING SPACES
650 _aEASEMENTS
650 _aDYCE V HAY
650 _aSTONEBRIDGE V BYGRAVE
650 _aBATCHELOR V MARLOW
650 _aNEWMAN V JONES
690 _aBoundary disputes
_96221
942 _n0
999 _c70898
_d70898